Trouvez le titre des chansons en trouvant les paroles #2 - Statistiques

Statistiques générales
  • Ce quiz a été pris 361 fois
  • Le résultat moyen est 114 sur 171
Statistiques - réponses
Hint Réponse % Correct
La symphonie des éclairs | Moi… Lolita j'
97%
La symphonie des éclairs J'
97%
Qui a le droit a
96%
Qui a le droit À
96%
Moi… Lolita | Qui a le droit à
96%
La symphonie des éclairs | Qui a le droit l'
96%
L'Aventurier L'
96%
Qui a le droit d'
95%
Qui a le droit C'
92%
Moi… Lolita est
92%
Moi… Lolita C'
91%
Moi… Lolita c'
91%
La symphonie des éclairs Je
91%
Moi… Lolita je
91%
Qui a le droit la
91%
La symphonie des éclairs | Qui a le droit le
91%
L'Aventurier Le
91%
Moi… Lolita de
89%
Qui a le droit et
89%
La symphonie des éclairs la
89%
L'Aventurier de
87%
La symphonie des éclairs Il
87%
Qui a le droit les
87%
Moi… Lolita les
86%
Moi… Lolita ma
86%
Qui a le droit un
86%
Qui a le droit des
85%
Moi… Lolita Et
85%
L'Aventurier Et
83%
Qui a le droit ça
82%
La symphonie des éclairs les
82%
La symphonie des éclairs un
82%
L'Aventurier les
81%
Qui a le droit On
81%
Qui a le droit on
81%
Qui a le droit Pour
79%
Qui a le droit Qui
79%
Qui a le droit qui
79%
Qui a le droit qui,
79%
Qui a le droit sa
79%
La symphonie des éclairs des
78%
Qui a le droit que
78%
Qui a le droit vie
78%
Qui a le droit droit,
77%
Qui a le droit droit
77%
La symphonie des éclairs moi,
76%
Moi… Lolita moi,
75%
Moi… Lolita moi
75%
Moi… Lolita se
75%
Qui a le droit temps
75%
Qui a le droit beau
74%
Qui a le droit enfant
74%
Qui a le droit faire
74%
Qui a le droit quoi ?
73%
Qui a le droit disent
72%
Qui a le droit enfants
72%
Qui a le droit grands ?
72%
Qui a le droit pluie
72%
Qui a le droit croit
71%
Qui a le droit dire
71%
Qui a le droit ment
71%
Qui a le droit passe
71%
Qui a le droit vraiment
71%
Qui a le droit merci
70%
Qui a le droit Merci
70%
Moi… Lolita pas
69%
Moi… Lolita Si
69%
Moi… Lolita quand
68%
Moi… Lolita Tout
68%
Moi… Lolita tout
68%
La symphonie des éclairs Mais
67%
La symphonie des éclairs au-
66%
L'Aventurier au
65%
Moi… Lolita sur
65%
Moi… Lolita faute
64%
Qui a le droit Qui a le droit
64%
La symphonie des éclairs si
63%
Moi… Lolita vois
61%
Moi… Lolita donne
60%
Moi… Lolita autres
59%
Moi… Lolita aux
59%
La symphonie des éclairs dessus
59%
Moi… Lolita L.O.L.I.T.A,
58%
Moi… Lolita Lolita
58%
Moi… Lolita langue
57%
Moi… Lolita chats
56%
Moi… Lolita jeter
56%
Moi… Lolita autour
55%
Moi… Lolita entends
55%
Moi… Lolita prêts
55%
La symphonie des éclairs beau
54%
La symphonie des éclairs étais
54%
L'Aventurier tout
53%
La symphonie des éclairs comme
52%
La symphonie des éclairs nuages
52%
La symphonie des éclairs pluie
52%
La symphonie des éclairs sous
51%
La symphonie des éclairs fait
50%
Moi… Lolita Moi… Lolita
50%
La symphonie des éclairs oiseau,
47%
L'Aventurier tous
47%
La symphonie des éclairs toujours
46%
La symphonie des éclairs irais
45%
La symphonie des éclairs danser
42%
La symphonie des éclairs orage
41%
L'Aventurier temps
41%
La symphonie des éclairs lumière
39%
La symphonie des éclairs traverserais
39%
La symphonie des éclairs éclairs
38%
La symphonie des éclairs symphonie
38%
La symphonie des éclairs écouterais
37%
La symphonie des éclairs La symphonie des éclairs
36%
L'Aventurier vrai
31%
L'Aventurier vent
28%
L'Aventurier contre
20%
L'Aventurier soudain
19%
L'Aventurier héros
18%
L'Aventurier aventurier
17%
L'Aventurier Bob
17%
L'Aventurier chacal
17%
L'Aventurier face
17%
L'Aventurier guerrier
17%
L'Aventurier Morane
17%
L'Aventurier surgit
17%
L'Aventurier L'Aventurier
15%
Aucun quiz correspondant
Distribution des résultats
% des personnes avec chaque résultat
Percentile par nombre de réponses
Votre historique - résultats
Vous n’avez pas pris ce quiz